Statistics for Countries by Highest Point (within 1,000 feet)

Click here to take the quiz!

General Stats

  • This quiz has been taken 17 times
  • The average score is 16 of 26

Answer Stats

Highest Point (ft)Countries% Correct
29,000 - 29,999China | Nepal
100%
28,000 - 28,999India | Pakistan
100%
24,000 - 24,999Afghanistan | Bhutan | Kyrgyzstan | Tajikistan
87%
22,000 - 22,999Argentina | Chile | Kazakhstan | Peru
73%
20,000 - 20,999Ecuador | United States
73%
9,000 - 9,999Albania | Algeria | Andorra | Brazil | Bulgaria | Cape Verde | East Timor | Equatorial Guinea | Eritrea | Germany | Greece | Guyana | Honduras | Laos | Madagascar | Malawi | North Korea | North Macedonia | Oman | Philippines | Saudi Arabia | Slovenia | Sudan | Syria
67%
12,000 - 12,999Austria | Costa Rica | Japan | New Zealand | Spain | Taiwan | Yemen
67%
19,000 - 19,999Canada | Myanmar | Tanzania
67%
18,000 - 18,999Colombia | Iran | Mexico | Russia
67%
16,000 - 16,999Democratic Republic of the Congo | Indonesia | Turkey | Uganda | Venezuela
67%
15,000 - 15,999France | Italy | Switzerland | Uzbekistan
67%
8,000 - 8,999Angola | Burundi | Egypt | El Salvador | Haiti | Kosovo | Liechtenstein | Montenegro | Namibia | Norway | Poland | Romania | Slovakia | Somalia | Sri Lanka | Thailand | Zimbabwe
60%
4,000 - 4,999Botswana | Central African Republic | Dominica | Fiji | Finland | Liberia | Saint Vincent and the Grenadines | Suriname | United Kingdom
60%
6,000 - 6,999Brunei | Croatia | Cuba | Cyprus | Djibouti | Eswatini | Iceland | Jordan | Nicaragua | Niger | Samoa | São Tomé and Príncipe | Sierra Leone | South Korea | Sweden | Ukraine | United Arab Emirates | Vanuatu
60%
13,000 - 13,999Armenia | Cameroon | Guatemala | Malaysia | Morocco
53%
7,000 - 7,999Australia | Bosnia and Herzegovina | Comoros | Israel | Jamaica | Libya | Mozambique | Nigeria | Portugal | Serbia | Solomon Islands | Zambia
53%
0 - 999Bahamas | Bahrain | Denmark | Gambia | Guinea-Bissau | Kiribati | Lithuania | Maldives | Malta Marshall Islands | Monaco | Nauru | Palau | Qatar | Singapore | Tuvalu | Vatican City
53%
3,000 - 3,999Bangladesh | Belize | Gabon | Hungary | Ireland | Mali | Mauritania | Republic of the Congo | Saint Kitts and Nevis | Saint Lucia | Togo | Tonga | Trinidad and Tobago
53%
21,000 - 21,999Bolivia
53%
11,000 - 11,999Chad | Iraq | Lesotho | Panama | South Africa
53%
17,000 - 17,999Georgia | Kenya
53%
1,000 - 1,999Antigua and Barbuda | Barbados | Belarus | Estonia | Kuwait | Latvia | Luxembourg | Moldova | Uruguay
47%
14,000 - 14,999Azerbaijan | Ethiopia | Mongolia | Papua New Guinea | Rwanda
47%
2,000 - 2,999Belgium | Benin | Burkina Faso | Federated States of Micronesia | Ghana | Grenada | Mauritius | Netherlands | Paraguay | San Marino | Senegal | Seychelles
47%
5,000 - 5,999Cambodia | Czech Republic | Guinea | Ivory Coast | Tunisia
47%
10,000 - 10,999Dominican Republic | Lebanon | South Sudan | Turkmenistan | Vietnam
40%

Score Distribution

Percentile by Number Answered

Percent of People with Each Score

Your Score History

You have not taken this quiz